Taller internacional de expertos sobre el acceso a los recursos genéticos y distribución de beneficios (Registro nro. 4629)

Detalles MARC
000 -CABECERA
Campo de control 00848nam a2200229 a 4500
005 - FECHA Y HORA DE LA ULTIMA TRANSACCION
Campo de control 20160118063942.0
008 - ELEMENTOS DE LONGITUD FIJA—INFORMACION GENERAL
Campo de control 140317b2004 mx ||||gr|||| 00| 0 spa d
020 ## - ISBN
ISBN 0662389913
040 ## - FUENTE DE CATALOGACIÓN
Agencia catalogadora original CO-BoIAVH
Agencia transcriptora CO-BoIAVH
041 ## - IDIOMA
Código de idioma para texto/pista de sonido o título separado Español
044 ## - PAÍS DE PUBLICACIÓN
País de publicación México
082 ## - NUMERO DE CLASIFICACION DECIMAL DEWEY
Número de clasificación 333.953416
Número del ítem T14t
111 2# - ASIENTO PRINCIPAL--NOMBRE DE REUNION
Nombre de reunión o de jurisdicción como elemento de entrada Taller Internacional de Expertos sobre el Acceso a los Recursos Genéticos y Distribución de Beneficios
Lugar de la reunión Cuernavaca
Fecha de la reunión octubre 24-27, 2004
245 1# - MENCION DE TITULO
Título Taller internacional de expertos sobre el acceso a los recursos genéticos y distribución de beneficios
Parte restante del título memorias
260 ## - PUBLICACION, DISTRIBUCION, ETC. (PIE DE IMPRENTA)
Lugar de publicación, distribución, etc. Cuernavaca
Nombre del editor, distribuidor, etc. CONABIO
-- Environment Canada
Fecha de publicación, distribución, etc. 2005
300 ## - DESCRIPCION FISICA
Extensión 401 paginas.
Dimensiones 27 x 21 cm.
650 #4 - ASIENTO SECUNDARIO DE MATERIA - TERMINO TEMATICO
Término temático o nombre geográfico como elemento de entrada Propiedad intelectual
650 #4 - ASIENTO SECUNDARIO DE MATERIA - TERMINO TEMATICO
Término temático o nombre geográfico como elemento de entrada Regulaciones
650 #4 - ASIENTO SECUNDARIO DE MATERIA - TERMINO TEMATICO
Término temático o nombre geográfico como elemento de entrada Regimen internacional.
942 ## - ELEMENTOS ADICIONALES (KOHA)
Tipo de ítem Libro
Sistema de clasificación Dewey Decimal Classification
945 ## - PROCESAMIENTO LOCAL
AAAA-MM-DD - Fecha de ingreso o modificacion 2005-06-28
Existencias
Withdrawn status Lost status Sistema de Clasificación Damaged status No para préstamo Colección Inventariado Ubicación Permanente Ubicación actual Fecha de adquisición Fuente de Valor Valor Total Checkouts Número topográfico Inventario / Código de Barras Date last seen Ejemplar Price effective from Forma de adquisición Tipo de material
    Dewey Decimal Classification     General Inventariado 2017 Bogotá Bogotá 28/06/2005 Instituto 20000.00   LB-333.953416 T14t 019269 04/12/2012 Ej. 1 04/12/2012   Libro
    Dewey Decimal Classification     General Inventariado 2017 Sala Fabio Quevedo Sala Fabio Quevedo 28/02/2014 Instituto 20000.00   LB-333.953416 T14t 034065 28/02/2014 Ej. 1 28/02/2014   Libro